Sports Quiz

Random Sports or Hockey Quiz

Stanley Cup Playoff Goals Quiz Stats

 Plays Quiz Updated Jun 15, 2019

Score 0/31 Timer 07:00
7 Plays Today
Goals Player % Correct
122Wayne Gretzky
97.3%
66Sidney Crosby
83.1%
76Mario Lemieux
79.2%
109Mark Messier
77.9%
80Claude Lemieux
77.7%
65Alex Ovechkin
73.6%
103Brett Hull
71.9%
62Bobby Hull
71.7%
68Gordie Howe
69%
70Steve Yzerman
67.7%
78Jaromir Jagr
65%
84Joe Sakic
60.5%
63Evgeni Malkin
60%
82Maurice Richard
55%
106Jari Kurri
51.6%
85Mike Bossy
46.9%
Goals Player % Correct
61Phil Esposito
44.4%
64Peter Forsberg
44.2%
71Bryan Trottier
38%
93Glenn Anderson
32.4%
61Mark Recchi
28.3%
79Jean Beliveau
27.3%
66Denis Savard
18%
64Bobby Smith
17.7%
66Joe Nieuwendyk
16.2%
72Patrick Marleau
14.8%
73Dino Ciccarelli
13%
64Yvan Cournoyer
10.7%
72Esa Tikkanen
10.3%
61Jacques Lemaire
10.1%
64Brian Propp
6.3%

You're not logged in!

Compare scores with friends on all Sporcle quizzes.
OR
Log In

Sporcle TV

Today on Sporcle TV


Watch our educational content, quiz creation guides, and fun videos on Sporcle TV.

Show Comments

Extras

Top Quizzes Today


Score Distribution

Your Account Isn't Verified!

In order to create a playlist on Sporcle, you need to verify the email address you used during registration. Go to your Sporcle Settings to finish the process.

Report this User

Report this user for behavior that violates our Community Guidelines.

Details: